Statistics for Countries That Use Some Kind of Dollar

Click here to take the quiz!

General Stats

  • This quiz has been taken 70 times
  • The average score is 25 of 33

Answer Stats

Dollar Code Region Answer % Correct
AUDOceaniaAustralia
98%
CADNorth AmericaCanada
98%
USDNorth AmericaUnited States of America
93%
BSDCarribeanThe Bahamas
93%
FJDOceaniaFiji
92%
NZDOceaniaNew Zealand
92%
BBDCarribeanBarbados
90%
BZDCentral AmericaBelize
85%
JMDCarribeanJamaica
81%
SGDSouth East AsiaSingapore
81%
GYDSouth AmericaGuyana
80%
TVDOceaniaTuvalu
78%
AUDOceaniaKiribati
78%
XCDCarribeanAntigua and Barbuda
76%
USDOceaniaMarshall Islands
76%
USDSouth AmericaEcuador
76%
XCDCarribeanSaint Kitts and Nevis
75%
XCDCarribeanSaint Vincents and the Grenadines
75%
TTDCarribeanTrinidad and Tobago
75%
AUDOceaniaNauru
75%
XCDCarribeanDominica
75%
USDCentral AmericaEl Salvador
73%
USDOceaniaFederated States of Micronesia
73%
SRDSouth AmericaSuriname
73%
USDOceaniaPalau
73%
XCDCarribeanSaint Lucia
71%
TWDSouth East AsiaTaiwan
69%
BNDSouth East AsiaBrunei
69%
SBDOceaniaSolomon Islands
68%
USDSouth East AsiaEast Timor
66%
LRDAfricaLiberia
59%
NADAfricaNamibia
56%
USDAfricaZimbabwe
54%

Score Distribution

Percentile by Number Answered

Percent of People with Each Score

Your Score History

You have not taken this quiz